Annual report 2017 : Apr. 2017 - Mar. 2018

These proceedings contain reports and presentations submitted to the CASER (AARD-JIRCAS workshop on Farming systems research, experience,...

Saved in:
Bibliographic Details
Format: Book
Language:Undetermined
Published: Japan Japan International Research Center for Agricultural Sciences 2018
Subjects:
Tags: Add Tag
No Tags, Be the first to tag this record!
Institutions: Trung tâm Học liệu Trường Đại học Cần Thơ
LEADER 00751nam a2200193Ia 4500
001 CTU_240022
008 210402s9999 xx 000 0 und d
082 |a 630 
082 |b A615 
245 0 |a Annual report 2017 : 
245 0 |b Apr. 2017 - Mar. 2018 
245 0 |c Japan International Research Center for Agricultural Sciences 
260 |a Japan 
260 |b Japan International Research Center for Agricultural Sciences 
260 |c 2018 
520 |a These proceedings contain reports and presentations submitted to the CASER (AARD-JIRCAS workshop on Farming systems research, experience,... 
650 |a Hệ thống nông nghiệp,Agricultural systems 
910 |b nthai 
980 |a Trung tâm Học liệu Trường Đại học Cần Thơ